| 000 | 00484cam a2200205ua 4500 | ||
|---|---|---|---|
| 020 | _c85.00 | ||
| 041 |
_aeng _h |
||
| 082 |
_a620.1 _bPRA/TE |
||
| 100 | _aPrasad, I.B . | ||
| 245 |
_aText book of Applied Mechanics / _cI.B.Prasad. _hTextual Documents |
||
| 250 |
_a16 / _b. |
||
| 260 |
_a : _bKhanna publishers , _c1994. |
||
| 300 | _a1216 ; . | ||
| 365 | _a85.00 | ||
| 504 | _a | ||
| 942 | _cBK | ||
| 999 |
_c1337 _d1337 |
||